South Eastern Kenya University

Library Online Public Access Catalogue


Administrative practices of principles and learners academic performance in public secondary schools in Katulani sub-county Kitui county, Kenya (Record no. 18786)

MARC details
000 -LEADER
fixed length control field 00373nam a22001097a 4500
050 ## - LIBRARY OF CONGRESS CALL NUMBER
Classification Number (The) LB 1738.5
Item Number .M33 2024
100 ## - MAIN ENTRY--Author
Personal name Musau Lydia Mbaki
245 ## - TITLE
Title Administrative practices of principles and learners academic performance in public secondary schools in Katulani sub-county Kitui county, Kenya
300 ## - PHYSICAL DESCRIPTION
Extent 98p,
650 ## - SUBJECT--TOPIC
Topical term following geographic name as entry element School Management
942 ## - ADDED ENTRY ELEMENTS(KOHA)
Source of classification or shelving scheme Library of Congress Classification
Koha item type Thesis
Holdings
Source of classification or shelving scheme Not for loan Location (home branch) Sublocation (holding branch) Shelving location Date accessioned Full call number Barcode Koha item type
Library of Congress Classification   Wote Campus Library Wote Campus Library Reference 09/03/2026 (The) LB 1738.5 .M33 2024 2024/026537 Thesis
Kitui, Kenya.
+254736116989
library@seku.ac.ke